Associez la commune au département - Statistiques

Statistiques générales
  • Ce quiz a été pris 115 fois
  • Le résultat moyen est 58 sur 80
Statistiques - réponses
Hint Réponse % Correct
Lille Nord
98%
Lyon Rhône
98%
Brest Finistère
97%
Strasbourg Bas-Rhin
94%
Metz Moselle
92%
Paris Paris
92%
Cannes Alpes-Maritimes
91%
Fort-de-France Martinique
91%
La Rochelle Charente-Maritime
90%
Ajaccio Corse-du-Sud
90%
Rouen Seine-Maritime
90%
Annecy Haute-Savoie
89%
Arras Pas-de-Calais
89%
Chambéry Savoie
89%
Lorient Morbihan
88%
Caen Calvados
86%
Nancy Meurthe-et-Moselle
86%
Saint-Nazaire Loire-Atlantique
85%
Nevers Nièvre
84%
Belfort Territoire de Belfort
84%
Aix-en-Provence Bouches-du-Rhône
82%
Laval Mayenne
82%
Pointe-à-Pitre Guadeloupe
81%
Mamoudzou Mayotte
81%
Versailles Yvelines
80%
Angers Maine-et-Loire
78%
Reims Marne
78%
Créteil Val-de-Marne
78%
Albi Tarn
77%
La-Roche-sur-Yon Vendée
77%
Narbonne Aude
76%
Saint-Malo Ille-et-Vilaine
76%
Auxerre Yonne
76%
Furiani Haute-Corse
75%
Blois Loir-et-Cher
75%
Rodez Aveyron
74%
Mende Lozère
74%
Cherbourg-en-Cotentin Manche
74%
Saint-Lô Manche
74%
Avignon Vaucluse
74%
Béziers Hérault
73%
Roanne Loire
73%
Saint-Étienne Loire
73%
Compiègne Oise
73%
Niort Deux-Sèvres
72%
Brive-la-Gaillarde Corrèze
70%
Beaune Côte-d'Or
70%
Le Puy-en-Velay Haute-Loire
70%
Mâcon Saône-et-Loire
70%
Foix Ariège
69%
Aurillac Cantal
69%
Limoges Haute-Vienne
69%
Tours Indre-et-Loire
69%
Abbeville Somme
69%
Argenteuil Val d'Oise
69%
Agen Lot-et-Garonne
68%
Alès Gard
67%
Briançon Hautes-Alpes
67%
Châlons-en-Champagne Marne
66%
Dreux Eure-et-Loir
65%
Soissons Aisne
64%
Dax Landes
64%
Saintes Charente-Maritime
63%
Vesoul Haute-Saône
63%
Dole Jura
63%
Verdun Meuse
63%
Marcq-en-Baroeul Nord
61%
Étretat Seine-Maritime
61%
Sedan Ardennes
59%
Montluçon Allier
58%
Lannion Côtes-d'Armor
57%
Haguenau Bas-Rhin
53%
Rezé Loire-Atlantique
49%
Châtellerault Vienne
49%
Montcuq Lot
45%
Saint-Martin-d'Hères Isère
42%
Segré Maine-et-Loire
34%
Mont-Saint-Aignan Seine-Maritime
28%
Vatan Indre
22%
Rochefourchat Drôme
19%
Aucun quiz correspondant
Distribution des résultats
% des personnes avec chaque résultat
Percentile par nombre de réponses
Votre historique - résultats
Vous n’avez pas pris ce quiz